Années par image #3 - Statistiques

Statistiques générales
  • Ce quiz a été pris 334 fois
  • Le résultat moyen est 6 sur 15
Statistiques - réponses
Par images Réponse % Correct
1962
86%
1963
86%
1933
59%
1979
46%
1998
46%
1993
45%
1974
42%
1986
37%
-52
37%
1996
30%
2010
29%
79
17%
1453
10%
1839
1%
751
1%
Aucun quiz correspondant
Distribution des résultats
% des personnes avec chaque résultat
Percentile par nombre de réponses
Votre historique - résultats
Vous n’avez pas pris ce quiz